Statistics for Isolated Capitals Looking Westwards

Click here to take the quiz!

General Stats

  • This quiz has been taken 24 times
  • The average score is 15 of 20

Answer Stats

D (km) CAPITAL CITYCLOSEST CAPITAL% Correct
2,458 SantiagoNouakchott
100%
1,497 DublinLima
95%
1,460 BrasiliaPort Moresby
95%
2,868 CanberraAstana
89%
2,564 UlaanbaatarLima
89%
3,873 ReykjavikParamaribo
89%
8,766 Mexico CityOttawa
84%
2,330 WellingtonVictoria
84%
3,603 PraiaPort Moresby
79%
1,479 SucreAsuncion
79%
1,534 WashingtonReykjavik
79%
2,380 LisbonMelekeok
74%
1,902 DiliManila
74%
1,402 HoniaraMogadishu
63%
2,231 MalePort Moresby
63%
2,181 PalikirBandar Seri Begawan
58%
1,573 WindhoekNassau
58%
1,343 VictoriaApia
58%
2,334 Port MoresbyCanberra
47%
1,683 MelekeokLuanda
42%

Score Distribution

Percentile by Number Answered

Percent of People with Each Score

Your Score History

You have not taken this quiz